| 000 | 00646nam a2200193Ia 4500 | ||
|---|---|---|---|
| 005 | 20250423100845.0 | ||
| 008 | 250422s9999 xx 000 0 und d | ||
| 020 | _a9781416047551 |a 1416047557 | ||
| 050 | _aQT18.2 /.H628s #082 00 |a 610.1/51 | ||
| 100 | _aHickey, Rebecca Wallace. | ||
| 245 | 0 | _aSaunders math skills for health professionals | |
| 250 | _a1st ed. | ||
| 260 | _aSt. Louis, Mo. | ||
| 260 | _bSaunders/Elsevier | ||
| 260 | _c2010 | ||
| 300 | _a308 p | ||
| 650 | _aMathematics. Medicine_Mathematics. Allied health personnel. Mathematics_Problems and Exercises. Health Occupations_Problems and Exercises. | ||
| 942 | _cBK | ||
| 999 |
_c34552 _d34552 |
||